00479nam a2200181 a 450000100060000000300080000600500170001400800410003103500190007204000350009104100080012608200220013410000220015624500420017826000350022030000210025565000210027649957BD-RjUL20211209075433.0160823s1953 enk |||| ||| 000 0 eng d a(BD-RjUL)50077 aBD-RjULbengcBD-RjULdBD-RjUL aeng 223a352bWRL 19531 aWraith, Roland E.10aLocal government /c Roland E. Wraith aLodon :bPenguins Books,c1953 a121 p. ;c18 cm. aLocal government